Connaissez-vous vraiment Astérix et Obélix : Mission Cléopâtre ? - Statistiques

Statistiques générales
  • Ce quiz a été pris 2 002 fois
    1 045 depuis la dernière actualisation
  • Le résultat moyen est 19 sur 27
Statistiques - réponses
Questions Réponses % Correct
Quel acteur interprète Obélix ? Gérard Depardieu
95%
En combien de mois Numérobis doit-il construire le palais ? 3 mois
94%
S'il ne finit pas le palais à temps, à quel animal Numérobis sera-t-il jeté en patûre ? aux crocodiles
93%
"Pas de pierre, pas de construction. Pas de construction, pas de ____. Pas de ____... pas de _____." "Pas de pierre, pas de construction. Pas de construction, pas de {palais}. Pas de {palais}... pas de {palais}."
91%
Quel acteur interprète Numérobis ? Jamel Debbouze
88%
Qui a réalisé le film ? Alain Chabat
86%
Quel acteur interprète Astérix ? Christian Clavier
86%
Quel cadeau Amonbofils fait livrer à Cléopâtre de la part des gaulois ? un gâteau empoisonné
84%
A qui doit-on le célèbre monologue répondant à la question "c'est une bonne situation, ça, scribe" ? Otis (Édouard Baer)
82%
En quelle année est sortie la première version du film au cinéma ? 2002
81%
Quelle actrice interprète Cléopâtre ? Monica Bellucci
81%
C’est trop calme… j’aime pas trop beaucoup ça… J’préfère quand c’est un peu trop plus moins calme… "C’est trop {calme}… j’aime pas trop beaucoup ça… J’préfère quand c’est un peu trop plus moins {calme}"
78%
Vous savez, moi je ne crois pas qu’il y ait de bonne ou de mauvaise situation. Moi, si je devais résumer ma vie aujourd’hui avec vous, je dirais que c’est d’abord des rencontres. "Vous savez, moi je ne crois pas qu’il y ait de bonne ou de mauvaise situation. Moi, si je devais résumer ma vie aujourd’hui avec vous, je dirais que c’est d’abord {des} {rencontres}"
75%
Quel acteur interprète Amonbofils ? Gérard Darmon
74%
Dans quel pays a été tourné une partie du film ? Maroc
74%
Comment s'appelle l'âne de numérobis ? Canabis
70%
"Le lion ne s'associe pas avec ____" "Le lion ne s'associe pas avec {le} {cafard}"
69%
"Bande de ____, vous allez crever comme des ____, mais ça faisait deux fois ____" "Bande de {chacal}, vous allez crever comme des {chacals}, mais ça faisait deux fois {chacal}"
62%
"Il est bizarre ce sol, il est pas ____" "Il est bizarre ce sol, il est pas {palpable}"
59%
Quelle est la blague que Numérobis tente désespérément d'expliquer à une jeune Égyptienne dans la scène post-générique ? La blague du « Phare à On »
59%
Quelle chanson les ouvriers chantent-ils après avoir bu de la potion magique ? I Feel Good, de James Brown
53%
Sur quel animal voit-on un court extrait de documentaire en plein milieu du film en guise de censure ? La langouste
52%
Que reproche Cléopâtre à l'architecte Amonbofils ? d'être trop classique
48%
"Camarades, on vous exploite, on vous crève à la tâche ! Et... franchement... ____" "Camarades, on vous exploite, on vous crève à la tâche ! Et... franchement... {voilà}"
44%
Comment s'appelle le chef des pirates que les gaulois rencontrent ? Barbe-Rouge
40%
Quelle actrice interprète Cartapus, qui a la capacité de devenir invisible ? Chantal Lauby
40%
Quel acteur interprète Panoramix ? Claude Rich
32%
Aucun quiz correspondant
Distribution des résultats
% des personnes avec chaque résultat
Percentile par nombre de réponses
Votre historique - résultats
Vous n’avez pas pris ce quiz depuis la dernière actualisation